[Event "Madrid-ch"]
[Site "Madrid"]
[Date "2022.05.31"]
[Round "7"]
[White "Barez Menendez, Hector"]
[Black "Rottenwohrer Suarez, Juan"]
[Result "0-1"]
[WhiteElo "2066"]
[BlackElo "2256"]
[PlyCount "98"]
[EventDate "2022.05.25"]
[EventType "swiss"]
[EventRounds "7"]
[EventCountry "ESP"]
[SourceTitle "EXT 2023"]
[Source "ChessBase"]
[SourceDate "2022.10.05"]
[SourceVersion "1"]
[SourceVersionDate "2022.10.05"]
[SourceQuality "1"]

1. d4 Nf6 2. Nf3 e6 3. c4 Bb4+ 4. Nbd2 b6 5. e3 Bb7 6. Bd3 0-0 7. 0-0 d5 8. a3 Be7 9. b4 c5 10. bxc5 bxc5 11. dxc5 Nbd7 12. Nb3 Nxc5 13. Nxc5 Bxc5 14. Bb2 Qe7 15. cxd5 Nxd5 16. Qa4 Rfd8 17. Bd4 Bxd4 18. Nxd4 e5 19. Nf5 Qg5 20. Qe4 Rd7 21. Ng3 g6 22. Qa4 Rad8 23. Ne4 Qe7 24. Bb5 Nb6 25. Qxa7 Bxe4 26. Qxb6 Rd2 27. Bc6 R2d6 28. Qxd8+ Rxd8 29. Bxe4 Rd2 30. a4 Qb4 31. Bc6 Rc2 32. Rac1 Rxc1 33. Rxc1 Qd2 34. Rf1 h5 35. h4 Kg7 36. g3 f5 37. Rb1 Kf6 38. Be8 Qa5 39. Rc1 g5 40. hxg5+ Kxg5 41. Rc6 Kg4 42. Kg2 Qd5+ 43. Kh2 Qd2 44. Kg2 Qd5+ 45. Kh2 f4 46. exf4 exf4 47. gxf4 Qd4 48. Kg1 Kh3 49. Bxh5 Qa1+ 0-1

[Event "Madrid-ch sf"]
[Site "Madrid"]
[Date "2022.05.13"]
[Round "9"]
[White "Rottenwohrer Suarez, Juan"]
[Black "Barez Menendez, Hector"]
[Result "1-0"]
[WhiteElo "2256"]
[BlackElo "2066"]
[PlyCount "71"]
[EventDate "2022.05.04"]
[EventType "swiss"]
[EventRounds "9"]
[EventCountry "ESP"]
[SourceTitle "EXT 2023"]
[Source "ChessBase"]
[SourceDate "2022.10.05"]
[SourceVersion "1"]
[SourceVersionDate "2022.10.05"]
[SourceQuality "1"]

1. d4 d5 2. c4 e6 3. g3 Nf6 4. Bg2 Be7 5. Nf3 0-0 6. 0-0 dxc4 7. Qc2 a6 8. a4 c5 9. dxc5 Nc6 10. Na3 c3 11. bxc3 Bxc5 12. Nc4 Nd7 13. Ng5 Nf6 14. Bf4 h6 15. Nf3 Nd5 16. Rfd1 Qf6 17. Bd2 Nde7 18. e4 e5 19. Be3 Be6 20. Bxc5 Bxc4 21. Rd6 Be6 22. Rb1 Rab8 23. Nd2 Rfd8 24. Rxd8+ Nxd8 25. Nf1 Bd7 26. Ne3 b6 27. Bf1 Bc8 28. Nc4 b5 29. Nd6 Ne6 30. Ba3 Ng6 31. axb5 axb5 32. Rxb5 Rxb5 33. Bxb5 Qd8 34. Qa4 Nef8 35. Qa8 Ne7 36. Ba6 1-0

[Event "Madrid-ch sf"]
[Site "Madrid"]
[Date "2022.05.11"]
[Round "8"]
[White "Barez Menendez, Hector"]
[Black "Rey Martinez, Jaime"]
[Result "1/2-1/2"]
[WhiteElo "2066"]
[BlackElo "2055"]
[PlyCount "43"]
[EventDate "2022.05.04"]
[EventType "swiss"]
[EventRounds "9"]
[EventCountry "ESP"]
[SourceTitle "EXT 2023"]
[Source "ChessBase"]
[SourceDate "2022.10.05"]
[SourceVersion "1"]
[SourceVersionDate "2022.10.05"]
[SourceQuality "1"]

1. d4 d5 2. c4 dxc4 3. Qa4+ c6 4. Qxc4 Nf6 5. Nf3 Bg4 6. Nc3 Nbd7 7. e4 Bxf3 8. gxf3 e5 9. Be3 exd4 10. Bxd4 Bd6 11. 0-0-0 Qe7 12. Bh3 Bf4+ 13. Kb1 Ne5 14. Qe2 0-0 15. Be3 Ng6 16. Bf5 Be5 17. Qc4 Qc7 18. h4 Nf4 19. Bxf4 Bxf4 20. Rd3 Rfd8 21. Rhd1 Rxd3 22. Qxd3 1/2-1/2

[Event "Madrid-ch sf"]
[Site "Madrid"]
[Date "2022.05.07"]
[Round "4"]
[White "Barez Menendez, Hector"]
[Black "Ruiz Buendia, Miguel"]
[Result "0-1"]
[WhiteElo "2066"]
[BlackElo "2162"]
[PlyCount "56"]
[EventDate "2022.05.04"]
[EventType "swiss"]
[EventRounds "9"]
[EventCountry "ESP"]
[SourceTitle "EXT 2023"]
[Source "ChessBase"]
[SourceDate "2022.10.05"]
[SourceVersion "1"]
[SourceVersionDate "2022.10.05"]
[SourceQuality "1"]

1. d4 Nf6 2. Nf3 e6 3. Bf4 c5 4. c3 Qb6 5. Qc2 Nc6 6. e3 Nh5 7. Bg3 g6 8. Bh4 Bg7 9. Nbd2 d5 10. g4 Nf6 11. h3 h5 12. g5 Nd7 13. Bd3 e5 14. e4 c4 15. Bf1 exd4 16. exd5 d3 17. Qa4 Na5 18. 0-0-0 0-0 19. Nxc4 Nxc4 20. Qxc4 Nc5 21. Bxd3 Nxd3+ 22. Qxd3 Bf5 23. Qe3 Qa5 24. Nd4 Rfe8 25. Nxf5 Rxe3 26. Nxe3 Bxc3 27. bxc3 Qxc3+ 28. Nc2 Rc8 0-1

[Event "Madrid-ch Seniors 65+"]
[Site "Madrid"]
[Date "2022.04.20"]
[Round "3"]
[White "Jimenez Jimenez, Jose Luis"]
[Black "Barez Menendez, Hector"]
[Result "0-1"]
[WhiteElo "1780"]
[BlackElo "2058"]
[PlyCount "58"]
[EventDate "2022.04.18"]
[EventType "swiss"]
[EventRounds "7"]
[EventCountry "ESP"]
[SourceTitle "EXT 2023"]
[Source "ChessBase"]
[SourceDate "2022.10.05"]
[SourceVersion "1"]
[SourceVersionDate "2022.10.05"]
[SourceQuality "1"]

1. e4 e5 2. Nf3 Nf6 3. Nxe5 d6 4. Nf3 Nxe4 5. d4 d5 6. Bd3 Nc6 7. 0-0 Be7 8. c4 Nf6 9. Nc3 0-0 10. c5 b6 11. Be3 Ng4 12. Qa4 Na5 13. h3 Nxe3 14. fxe3 Be6 15. Ne5 Bf6 16. Nf3 Nb7 17. b4 bxc5 18. Qc2 cxb4 19. Nb5 g6 20. Nxc7 Rc8 21. Nxe6 fxe6 22. Qa4 Rc3 23. Qa6 Nd6 24. Ne5 Qe7 25. Nc6 Qb7 26. Rfc1 Qxa6 27. Bxa6 Bg5 28. Rxc3 bxc3 29. Re1 c2 0-1

[Event "Madrid-ch Seniors 50"]
[Site "Madrid"]
[Date "2022.04.07"]
[Round "9"]
[White "Barez Menendez, Hector"]
[Black "Rojas Pozo, Jose Luis"]
[Result "1/2-1/2"]
[WhiteElo "2062"]
[BlackElo "1856"]
[PlyCount "55"]
[EventDate "2022.03.28"]
[EventType "swiss"]
[EventRounds "9"]
[EventCountry "ESP"]
[SourceTitle "EXT 2023"]
[Source "ChessBase"]
[SourceDate "2022.10.05"]
[SourceVersion "1"]
[SourceVersionDate "2022.10.05"]
[SourceQuality "1"]

1. Nf3 Nf6 2. d4 b6 3. e3 Bb7 4. Bd3 e6 5. 0-0 Be7 6. b3 0-0 7. Bb2 c5 8. c4 d5 9. Nc3 Nc6 10. Qe2 Rc8 11. Rac1 dxc4 12. bxc4 Qd6 13. Rfd1 Qb8 14. d5 exd5 15. Nxd5 Nxd5 16. cxd5 Nb4 17. e4 Nxd3 18. Qxd3 Rfd8 19. Qc3 f6 20. g3 Bd6 21. Qe3 Re8 22. Rc2 Re7 23. Nh4 Rce8 24. f3 Bc8 25. Qf2 Be5 26. Bxe5 Qxe5 27. g4 g6 28. Qd2 1/2-1/2

[Event "Madrid-ch Seniors 50"]
[Site "Madrid"]
[Date "2022.04.06"]
[Round "8"]
[White "Longa Yauca, Javier"]
[Black "Barez Menendez, Hector"]
[Result "1-0"]
[WhiteElo "2239"]
[BlackElo "2062"]
[PlyCount "119"]
[EventDate "2022.03.28"]
[EventType "swiss"]
[EventRounds "9"]
[EventCountry "ESP"]
[SourceTitle "EXT 2023"]
[Source "ChessBase"]
[SourceDate "2022.10.05"]
[SourceVersion "1"]
[SourceVersionDate "2022.10.05"]
[SourceQuality "1"]

1. c4 e6 2. d4 d5 3. Nf3 Nf6 4. Bg5 Be7 5. e3 0-0 6. Nc3 Nbd7 7. Rc1 c6 8. Qc2 a6 9. c5 e5 10. dxe5 Ne8 11. h4 h6 12. e6 fxe6 13. Qg6 e5 14. Bd3 e4 15. Nxe4 dxe4 16. Qe6+ Kh8 17. Bxe7 Qa5+ 18. Kf1 Rxf3 19. Qxe4 Ndf6 20. Qxf3 Bg4 21. Qf4 Qd2 22. Qc4 Nd5 23. Bg5 Nb4 24. Bg6 Be2+ 25. Qxe2 Qxc1+ 26. Qe1 Qxe1+ 27. Kxe1 hxg5 28. hxg5+ Kg8 29. Rh4 Nd5 30. Rd4 Nec7 31. Bf5 Re8 32. g4 Kf7 33. g6+ Kf6 34. Bc2 Nb5 35. Rd2 Nb4 36. Bb1 Nd5 37. Kf1 Nbc7 38. a3 a5 39. Rd4 Ne6 40. Re4 Rh8 41. Kg2 Nxc5 42. Rc4 Nd7 43. Kg3 Ne5 44. Ra4 b6 45. e4 Ne7 46. f4 N5xg6 47. Rd4 Re8 48. Rd6+ Kf7 49. e5 Rc8 50. Rd7 Kf8 51. Rb7 b5 52. e6 Rd8 53. Be4 Rc8 54. b3 Ke8 55. f5 Nf8 56. Kf4 Nd5+ 57. Bxd5 cxd5 58. Ke5 Rc3 59. Rxg7 Rxb3 60. Rb7 1-0

[Event "Madrid-ch Seniors 50"]
[Site "Madrid"]
[Date "2022.04.01"]
[Round "5"]
[White "Barez Menendez, Hector"]
[Black "Martin Martin, Luis Vicente"]
[Result "1-0"]
[WhiteElo "2062"]
[BlackElo "1927"]
[PlyCount "57"]
[EventDate "2022.03.28"]
[EventType "swiss"]
[EventRounds "9"]
[EventCountry "ESP"]
[SourceTitle "EXT 2023"]
[Source "ChessBase"]
[SourceDate "2022.10.05"]
[SourceVersion "1"]
[SourceVersionDate "2022.10.05"]
[SourceQuality "1"]

1. Nf3 d5 2. d4 Nf6 3. c4 c6 4. Qc2 a6 5. g3 Bg4 6. Bg2 e6 7. 0-0 Nbd7 8. a4 Qa5 9. c5 b5 10. b4 Qd8 11. Bg5 Be7 12. Ne5 Nxe5 13. dxe5 Bf5 14. Qb2 Nd7 15. Bxe7 Kxe7 16. Nd2 Qc7 17. f4 Rhb8 18. a5 f6 19. e4 dxe4 20. Bxe4 fxe5 21. Bxf5 exf5 22. fxe5 g6 23. Nf3 Re8 24. Rad1 Rad8 25. Rd6 Nf8 26. Qb3 Qc8 27. Ng5 Rxd6 28. exd6+ Kf6 29. h4 1-0

[Event "Madrid-ch Seniors 50"]
[Site "Madrid"]
[Date "2022.03.29"]
[Round "2"]
[White "Garcia Galeote, Lorenzo"]
[Black "Barez Menendez, Hector"]
[Result "1/2-1/2"]
[WhiteElo "1862"]
[BlackElo "2062"]
[PlyCount "44"]
[EventDate "2022.03.28"]
[EventType "swiss"]
[EventRounds "9"]
[EventCountry "ESP"]
[SourceTitle "EXT 2023"]
[Source "ChessBase"]
[SourceDate "2022.10.05"]
[SourceVersion "1"]
[SourceVersionDate "2022.10.05"]
[SourceQuality "1"]

1. d4 d5 2. Nf3 e6 3. e3 c6 4. Bd3 f5 5. 0-0 Nf6 6. b3 Bd6 7. Ba3 0-0 8. Bxd6 Qxd6 9. Ne5 Nbd7 10. f4 Ne4 11. Bxe4 dxe4 12. c4 Qe7 13. Nc3 Nxe5 14. dxe5 Rd8 15. Qe2 Bd7 16. Rfd1 Be8 17. Rxd8 Rxd8 18. Rd1 g5 19. g3 gxf4 20. Rxd8 Qxd8 21. gxf4 Kh8 22. Nd1 Qd7 1/2-1/2

[Event "Madrid City-ch Seniors 50"]
[Site "Madrid"]
[Date "2021.04.12"]
[Round "5"]
[White "Fiz Criado, Fidel"]
[Black "Barez Menendez, Hector"]
[Result "1-0"]
[WhiteElo "1863"]
[BlackElo "2103"]
[PlyCount "77"]
[EventDate "2021.04.06"]
[EventType "swiss"]
[EventRounds "9"]
[EventCountry "ESP"]
[SourceTitle "EXT 2022"]
[Source "ChessBase"]
[SourceDate "2021.10.06"]
[SourceVersion "1"]
[SourceVersionDate "2021.10.06"]
[SourceQuality "1"]

1. e4 e5 2. Nf3 f5 3. Bc4 fxe4 4. Nxe5 d5 5. Qh5+ g6 6. Nxg6 hxg6 7. Qxh8 Kf7 8. Qd4 Be6 9. Bb3 Nc6 10. Qe3 Bh6 11. f4 Nge7 12. 0-0 Nf5 13. Qf2 b6 14. d3 Bf8 15. Kh1 Bc5 16. Qe1 Nfd4 17. dxe4 Nxb3 18. axb3 dxe4 19. Nc3 Nd4 20. Nxe4 Bf5 21. Ng5+ Kg8 22. Qh4 Qd7 23. Bd2 Nxc2 24. Bc3 Bd4 25. Rad1 c5 26. Rd2 Re8 27. Rfd1 Qb7 28. Nf3 Be4 29. Bxd4 cxd4 30. Ng5 Bf5 31. Kg1 Qe7 32. Qf2 d3 33. Nf3 Qb4 34. Ne5 Qxb3 35. h3 Qxb2 36. Nxd3 Bxd3 37. Rxd3 Rc8 38. Qe2 Qf6 39. Rc1 1-0

[Event "Madrid City-ch Seniors 50"]
[Site "Madrid"]
[Date "2021.04.09"]
[Round "4"]
[White "Barez Menendez, Hector"]
[Black "Marin Lopez, Jeronimo"]
[Result "0-1"]
[WhiteElo "2103"]
[BlackElo "1899"]
[PlyCount "84"]
[EventDate "2021.04.06"]
[EventType "swiss"]
[EventRounds "9"]
[EventCountry "ESP"]
[SourceTitle "EXT 2022"]
[Source "ChessBase"]
[SourceDate "2021.10.06"]
[SourceVersion "1"]
[SourceVersionDate "2021.10.06"]
[SourceQuality "1"]

1. d4 Nf6 2. Nf3 g6 3. g3 Bg7 4. Bg2 0-0 5. c4 d6 6. 0-0 Nc6 7. Nc3 a6 8. h3 Bd7 9. e4 e5 10. d5 Nd4 11. Nxd4 exd4 12. Qxd4 Qc8 13. h4 Ng4 14. Qd1 b5 15. f3 Ne5 16. c5 dxc5 17. Be3 c4 18. Bd4 b4 19. Ne2 Bb5 20. a4 c5 21. dxc6 Bxc6 22. Qc2 Bd7 23. Rfd1 Be6 24. Nf4 Rd8 25. Bb6 Rxd1+ 26. Rxd1 Qc6 27. a5 c3 28. bxc3 Qxc3 29. Qxc3 bxc3 30. Nxe6 fxe6 31. Bf1 Nxf3+ 32. Kf2 Nd2 33. Bd3 Be5 34. Kg2 Kg7 35. Bc2 Rc8 36. Ra1 Rc4 37. Bd3 Rb4 38. Bc5 Rb2 39. Ba3 c2 40. Rc1 Rb3 41. Bxa6 Rxa3 42. Rxc2 Rxa5 0-1

[Event "Madrid City-ch Seniors 50"]
[Site "Madrid"]
[Date "2021.04.08"]
[Round "3"]
[White "Garcia Martin, Esteban"]
[Black "Barez Menendez, Hector"]
[Result "0-1"]
[WhiteElo "1891"]
[BlackElo "2103"]
[PlyCount "80"]
[EventDate "2021.04.06"]
[EventType "swiss"]
[EventRounds "9"]
[EventCountry "ESP"]
[SourceTitle "EXT 2022"]
[Source "ChessBase"]
[SourceDate "2021.10.06"]
[SourceVersion "1"]
[SourceVersionDate "2021.10.06"]
[SourceQuality "1"]

1. c4 e6 2. Nf3 d5 3. e3 Nf6 4. b3 Be7 5. Bb2 0-0 6. Nc3 c5 7. g3 Nc6 8. Bg2 d4 9. exd4 cxd4 10. Ne2 e5 11. 0-0 Bf5 12. d3 Qd7 13. a3 a5 14. Re1 Rfe8 15. Kf1 Rad8 16. Neg1 Bc5 17. h3 h5 18. Nh4 Bh7 19. Bc1 e4 20. dxe4 Nxe4 21. Bd2 Qd6 22. Bxe4 Bxe4 23. Qxh5 Bd3+ 24. Kg2 Bxa3 25. Ngf3 Bb2 26. Ra2 Bc3 27. Nf5 Qg6 28. Qxg6 fxg6 29. N5h4 Rxe1 30. Nxe1 Bb1 31. Bxc3 Bxa2 32. Bd2 Bxb3 33. c5 a4 34. Bc1 d3 35. Nef3 Bd5 36. g4 Ne5 37. Bd2 a3 38. Kg3 Nxf3 39. Nxf3 Bxf3 40. Kxf3 a2 0-1

[Event "Madrid Chamartin op 8th"]
[Site "Madrid"]
[Date "2019.09.15"]
[Round "9"]
[White "Barez Menendez, Hector"]
[Black "Cabanas Bravo, Juan Andres"]
[Result "0-1"]
[WhiteElo "2092"]
[BlackElo "2041"]
[PlyCount "115"]
[EventDate "2019.09.09"]
[EventType "swiss"]
[EventRounds "9"]
[EventCountry "ESP"]
[SourceTitle "CBM 192 Extra"]
[Source "Chessbase"]
[SourceDate "2019.11.06"]
[SourceVersion "1"]
[SourceVersionDate "2019.11.06"]
[SourceQuality "1"]

1. e4 d5 2. Nc3 d4 3. Nce2 e5 4. c3 c5 5. d3 Be6 6. f4 f6 7. Nf3 Bd6 8. g3 Nc6 9. Bg2 Qc8 10. 0-0 Nge7 11. fxe5 Bxe5 12. cxd4 cxd4 13. Nf4 Bxf4 14. Bxf4 0-0 15. b4 a6 16. a4 Qd7 17. b5 Nd8 18. Qb1 Nf7 19. Qb4 g5 20. Bc1 axb5 21. Nxd4 Bc4 22. Bb2 Bxd3 23. Rfd1 Ne5 24. Nxb5 N7c6 25. Qb3+ Kg7 26. Bf1 Rfd8 27. Ra3 Qg4 28. Bxd3 Nf3+ 29. Kf2 Nxh2 30. Be2 Qxe4 31. Qe3 Qf5+ 32. Kg2 Re8 33. Qf2 Qe4+ 34. Kxh2 Qxe2 35. Bxf6+ Kg6 36. Rf1 Qh5+ 37. Kg1 Re2 38. Qf5+ Kh6 39. Bxg5+ Qxg5 40. Qxg5+ Kxg5 41. Rf2 Rae8 42. Nd6 Rxf2 43. Kxf2 Re7 44. Rb3 Nd8 45. Kf3 Rd7 46. Ne4+ Kg6 47. Rb6+ Kg7 48. Nd6 Kf8 49. Ke4 Ke7 50. Nf5+ Kf7 51. Rh6 Kg8 52. g4 Nc6 53. Rd6 Rc7 54. g5 Na5 55. Rd8+ Kf7 56. Rh8 Kg6 57. Rg8+ Kh5 58. Ne3 0-1

[Event "Madrid Chamartin op 8th"]
[Site "Madrid"]
[Date "2019.09.12"]
[Round "6"]
[White "Arias Jordan, Juan J"]
[Black "Barez Menendez, Hector"]
[Result "0-1"]
[WhiteElo "1857"]
[BlackElo "2092"]
[PlyCount "62"]
[EventDate "2019.09.09"]
[EventType "swiss"]
[EventRounds "9"]
[EventCountry "ESP"]
[SourceTitle "CBM 192 Extra"]
[Source "Chessbase"]
[SourceDate "2019.11.06"]
[SourceVersion "1"]
[SourceVersionDate "2019.11.06"]
[SourceQuality "1"]

1. d4 d5 2. c4 e6 3. Nc3 Nf6 4. Nf3 Be7 5. Bg5 h6 6. Bh4 0-0 7. e3 b6 8. cxd5 exd5 9. Bd3 Bb7 10. 0-0 Nbd7 11. Rc1 c5 12. Bg3 Ne4 13. Bb1 Ndf6 14. Be5 Nxc3 15. bxc3 Ne4 16. Nd2 f6 17. Bg3 Rc8 18. f3 Nxg3 19. hxg3 cxd4 20. exd4 Qc7 21. f4 Ba3 22. Qc2 f5 23. Nf3 Ba6 24. Rfe1 Bxc1 25. Rxc1 Qc4 26. Kf2 b5 27. Ne5 Qa4 28. Qe2 b4 29. Qh5 Rxc3 30. Rh1 b3 31. Bxf5 Qxd4+ 0-1

[Event "Madrid Chamartin op 8th"]
[Site "Madrid"]
[Date "2019.09.12"]
[Round "5"]
[White "Barez Menendez, Hector"]
[Black "Bravo Plaza, Luis"]
[Result "1-0"]
[WhiteElo "2092"]
[BlackElo "1865"]
[PlyCount "85"]
[EventDate "2019.09.09"]
[EventType "swiss"]
[EventRounds "9"]
[EventCountry "ESP"]
[SourceTitle "CBM 192 Extra"]
[Source "Chessbase"]
[SourceDate "2019.11.06"]
[SourceVersion "1"]
[SourceVersionDate "2019.11.06"]
[SourceQuality "1"]

1. d4 Nf6 2. Nf3 g6 3. c4 c5 4. g3 Bg7 5. Bg2 0-0 6. 0-0 Na6 7. Nc3 d6 8. b3 Rb8 9. Bb2 Bd7 10. Qd2 Qc8 11. Rfe1 cxd4 12. Nxd4 Nc5 13. e4 Ne6 14. Nd5 Re8 15. Nxe6 Bxe6 16. Nxf6+ exf6 17. Qxd6 Rd8 18. Qf4 g5 19. Qe3 h6 20. Rad1 Re8 21. Bd4 b6 22. Qc3 b5 23. Bxf6 Bf8 24. cxb5 Qxc3 25. Bxc3 Rxb5 26. f4 Rc5 27. Bd4 Rc2 28. f5 Bc8 29. a4 Bb4 30. Rf1 Bb7 31. Rf2 Rec8 32. Rxc2 Rxc2 33. Bxa7 h5 34. Rd8+ Kh7 35. Bd4 Rc8 36. Rxc8 Bxc8 37. Kf2 Kh6 38. Bb6 f6 39. a5 Kg7 40. Bf1 Kf7 41. a6 Bc3 42. a7 Bb7 43. Bc4+ 1-0

[Event "Madrid Chamartin op 7th"]
[Site "Madrid"]
[Date "2018.09.09"]
[Round "9"]
[White "Khudov, Oleksandr"]
[Black "Barez Menendez, Hector"]
[Result "1/2-1/2"]
[WhiteElo "2104"]
[BlackElo "2090"]
[PlyCount "111"]
[EventDate "2018.09.03"]
[EventType "swiss"]
[EventRounds "9"]
[EventCountry "ESP"]
[SourceTitle "CBM 187 Extra"]
[Source "ChessBase"]
[SourceDate "2018.11.04"]
[SourceVersion "1"]
[SourceVersionDate "2018.11.04"]
[SourceQuality "1"]

1. d4 d5 2. Bf4 e6 3. e3 Nf6 4. Nf3 c5 5. c3 Be7 6. Bd3 0-0 7. Nbd2 b6 8. Ne5 Bb7 9. 0-0 Nbd7 10. Bg5 Ne4 11. Bxe7 Qxe7 12. Bxe4 dxe4 13. Qc2 Nxe5 14. dxe5 Qg5 15. Nxe4 Qxe5 16. Ng3 Rfd8 17. Rfd1 Qc7 18. c4 Bc6 19. Rac1 Rxd1+ 20. Rxd1 Rd8 21. Rd2 Rxd2 22. Qxd2 Qd7 23. Qxd7 Bxd7 24. Kf1 Kf8 25. Ke2 Ke7 26. Kd3 e5 27. e4 a6 28. Nf1 Kd6 29. Ne3 b5 30. cxb5 axb5 31. a3 c4+ 32. Kc3 Kc5 33. f3 Be6 34. h4 g6 35. g3 h5 36. g4 f6 37. gxh5 gxh5 38. Nf1 Bf7 39. Ng3 Bg6 40. Nf1 Bf7 41. Ng3 Bg6 42. Ne2 Bf7 43. f4 Bg6 44. f5 Be8 45. Ng3 Bf7 46. Nf1 Be8 47. Nd2 Bf7 48. Nb1 Be8 49. Nd2 Bf7 50. Nf1 Be8 51. Ng3 Bf7 52. Ne2 Be8 53. b4+ cxb3 54. Nc1 Bf7 55. Nd3+ Kb6 56. Nc1 1/2-1/2

[Event "Madrid Chamartin op 7th"]
[Site "Madrid"]
[Date "2018.09.03"]
[Round "1"]
[White "Diaz Begonte, Manuel"]
[Black "Barez Menendez, Hector"]
[Result "0-1"]
[WhiteElo "1552"]
[BlackElo "2090"]
[PlyCount "64"]
[EventDate "2018.09.03"]
[EventType "swiss"]
[EventRounds "9"]
[EventCountry "ESP"]
[SourceTitle "CBM 187 Extra"]
[Source "ChessBase"]
[SourceDate "2018.11.04"]
[SourceVersion "1"]
[SourceVersionDate "2018.11.04"]
[SourceQuality "1"]

1. e4 e5 2. Nf3 f5 3. Nc3 fxe4 4. Nxe5 Qf6 5. d4 exd3 6. Nxd3 c6 7. Qh5+ g6 8. Qe5+ Qxe5+ 9. Nxe5 d5 10. Bd2 Bg7 11. Nd3 Nf6 12. 0-0-0 0-0 13. Be2 Bf5 14. f3 Nbd7 15. g4 Bxd3 16. Bxd3 Nc5 17. Be2 Rae8 18. h4 d4 19. Bc4+ Kh8 20. h5 dxc3 21. Bxc3 gxh5 22. g5 Nd5 23. Bxg7+ Kxg7 24. Rxh5 Ne3 25. Rdh1 Nxc4 26. Rxh7+ Kg6 27. R1h6+ Kf5 28. Rh1 Ne5 29. g6 Kxg6 30. R1h6+ Kf5 31. Rh5+ Ke6 32. b4 Ncd7 0-1

[Event "Madrid-chT 1617"]
[Site "Madrid"]
[Date "2017.03.12"]
[Round "13.45"]
[White "Barez Menendez, Hector"]
[Black "Shen, Yue"]
[Result "0-1"]
[WhiteElo "2142"]
[BlackElo "2223"]
[PlyCount "104"]
[EventDate "2016.11.20"]
[EventType "team-tourn"]
[EventRounds "14"]
[EventCountry "ESP"]
[SourceTitle "EXT 2018"]
[Source "ChessBase"]
[SourceDate "2017.10.13"]
[SourceVersion "1"]
[SourceVersionDate "2017.10.13"]
[SourceQuality "1"]
[WhiteTeam "Pueblo Nuevo"]
[BlackTeam "Blanco y Negro"]
[WhiteTeamCountry "ESP"]
[BlackTeamCountry "ESP"]

1. Nf3 Nf6 2. c4 b6 3. g3 Bb7 4. Bg2 c5 5. 0-0 e6 6. Nc3 Be7 7. d4 cxd4 8. Qxd4 d6 9. e4 0-0 10. Qe3 Nbd7 11. Nd4 a6 12. b3 Rc8 13. Bb2 Rc7 14. Rfe1 Qa8 15. Rad1 Rd8 16. Re2 Nc5 17. f3 Bf8 18. Kh1 Ne8 19. Qf2 Rcc8 20. Bh3 Nc7 21. Red2 Rb8 22. Bg2 g6 23. Nc2 b5 24. cxb5 axb5 25. Ne3 b4 26. Ne2 Nb5 27. Ng4 e5 28. Nf6+ Kh8 29. Nd5 Bxd5 30. Rxd5 Bg7 31. Nc1 Ne6 32. f4 Kg8 33. fxe5 dxe5 34. Rf1 Qa7 35. Qxa7 Nxa7 36. Bxe5 Bxe5 37. Rxe5 Nb5 38. Bh3 Rb6 39. Bxe6 fxe6 40. Ne2 Rd2 41. Nf4 Nd4 42. Ra5 Rc6 43. h4 Rcc2 44. g4 Rh2+ 45. Kg1 Rxh4 46. Nd3 Rxg4+ 47. Kh1 Rh4+ 48. Kg1 Rg4+ 49. Kh1 Rg3 50. Ra8+ Kg7 51. Ra7+ Kh6 52. Rff7 Rxd3 0-1

[Event "Madrid-chT 1617"]
[Site "Madrid"]
[Date "2017.01.29"]
[Round "7.14"]
[White "Martin Rueda, Daniel"]
[Black "Barez Menendez, Hector"]
[Result "1/2-1/2"]
[WhiteElo "2292"]
[BlackElo "2142"]
[PlyCount "85"]
[EventDate "2016.11.20"]
[EventType "team-tourn"]
[EventRounds "14"]
[EventCountry "ESP"]
[SourceTitle "EXT 2018"]
[Source "ChessBase"]
[SourceDate "2017.10.13"]
[SourceVersion "1"]
[SourceVersionDate "2017.10.13"]
[SourceQuality "1"]
[WhiteTeam "Liberty Chess"]
[BlackTeam "Pueblo Nuevo"]
[WhiteTeamCountry "ESP"]
[BlackTeamCountry "ESP"]

1. d4 d5 2. Nf3 e6 3. c4 Nf6 4. Nc3 Nbd7 5. cxd5 exd5 6. Bg5 c6 7. e3 Be7 8. Qc2 Nh5 9. Bxe7 Qxe7 10. Be2 g6 11. 0-0 0-0 12. Rab1 Nb6 13. Bd3 Ng7 14. Rfe1 Bf5 15. e4 dxe4 16. Nxe4 Nd5 17. Qd2 Ne6 18. Nc5 Bxd3 19. Nxd3 Qd6 20. Re4 Rfe8 21. Rbe1 Nf6 22. Rh4 Ng7 23. Re5 Nd7 24. Qh6 Nf8 25. Ng5 f6 26. Ne4 Qd8 27. Rxe8 Nxe8 28. Nec5 Ng7 29. Re4 b6 30. Nb3 Nf5 31. Qd2 Qd7 32. Qe2 Kf7 33. Nb4 Nd6 34. Re3 a5 35. Nd3 Re8 36. Qf3 Rxe3 37. fxe3 Kg7 38. h3 Ne6 39. Nd2 Ng5 40. Qf4 Ne6 41. Qf3 Ng5 42. Qf4 Ne6 43. Qf3 1/2-1/2

[Event "Madrid-chT 1617"]
[Site "Madrid"]
[Date "2016.12.11"]
[Round "3.25"]
[White "Barez Menendez, Hector"]
[Black "Gil Quilez, David"]
[Result "1/2-1/2"]
[WhiteElo "2142"]
[BlackElo "2208"]
[PlyCount "51"]
[EventDate "2016.11.20"]
[EventType "team-tourn"]
[EventRounds "14"]
[EventCountry "ESP"]
[SourceTitle "EXT 2018"]
[Source "ChessBase"]
[SourceDate "2017.10.13"]
[SourceVersion "1"]
[SourceVersionDate "2017.10.13"]
[SourceQuality "1"]
[WhiteTeam "Pueblo Nuevo"]
[BlackTeam "La Casa del Ajedrez"]
[WhiteTeamCountry "ESP"]
[BlackTeamCountry "ESP"]

1. Nf3 f5 2. d4 Nf6 3. g3 g6 4. Bg2 Bg7 5. 0-0 0-0 6. c4 d6 7. Nc3 Nc6 8. d5 Na5 9. Nd2 c5 10. Rb1 e5 11. dxe6 Bxe6 12. b4 cxb4 13. Rxb4 d5 14. cxd5 Nxd5 15. Nxd5 Bxd5 16. Nb3 Bxg2 17. Kxg2 Qxd1 18. Rxd1 Nxb3 19. axb3 Rf7 20. Be3 a6 21. Rb6 Rc8 22. Rd5 Rcc7 23. Rd8+ Rf8 24. Rd5 Rff7 25. Rd8+ Rf8 26. Rd5 1/2-1/2

[Event "Madrid-chT 1617"]
[Site "Madrid"]
[Date "2016.11.20"]
[Round "1.16"]
[White "Veganzonez Rojo, David"]
[Black "Barez Menendez, Hector"]
[Result "1-0"]
[WhiteElo "2117"]
[BlackElo "2142"]
[PlyCount "62"]
[EventDate "2016.11.20"]
[EventType "team-tourn"]
[EventRounds "14"]
[EventCountry "ESP"]
[SourceTitle "EXT 2018"]
[Source "ChessBase"]
[SourceDate "2017.10.13"]
[SourceVersion "1"]
[SourceVersionDate "2017.10.13"]
[SourceQuality "1"]
[WhiteTeam "64 Villalba"]
[BlackTeam "Pueblo Nuevo"]
[WhiteTeamCountry "ESP"]
[BlackTeamCountry "ESP"]

1. c4 e6 2. g3 d5 3. Bg2 c6 4. Nf3 f5 5. 0-0 Nf6 6. d3 Bd6 7. Nbd2 0-0 8. Qc2 e5 9. e4 fxe4 10. dxe4 d4 11. c5 Bc7 12. Ng5 Qe7 13. f4 h6 14. fxe5 Bxe5 15. Ngf3 Nbd7 16. Nb3 Ng4 17. Bd2 Rd8 18. Rae1 b6 19. Bh3 Nxc5 20. Nxc5 bxc5 21. Bxg4 Bxg4 22. Nxe5 Qxe5 23. Rc1 Re8 24. Qxc5 Qxc5 25. Rxc5 Rxe4 26. Rxc6 Re2 27. Rf2 Rxf2 28. Kxf2 Re8 29. Bf4 Re2+ 30. Kg1 Rxb2 31. Rd6 Rxa2 1-0